Т. 4, Кн. 1: Сортамент черных металлов; Международный транслятор современных сталей и сплавов. Россия, США, европейские страны, Япония

Bibliografische gegevens
Parent link:Международный транслятор современных сталей и сплавов. Россия, США, европейские страны, Япония/ под ред. В. С. Кершенбаума. Т. 4, Кн. 1: Сортамент черных металлов.— , 1992-1995
Andere auteurs: Блантер М. С. (редактор)
Taal:Russisch
Gepubliceerd in: 1995
Onderwerpen:
Formaat: Boek
KOHA link:https://koha.lib.tpu.ru/cgi-bin/koha/opac-detail.pl?biblionumber=15015

MARC

LEADER 00000nam2a2200000 4500
001 15015
005 20231030190003.0
010 |a 5900359026 
035 |a (RuTPU)RU\TPU\book\15117 
035 |a BOOK00015187 
090 |a 15015 
100 |a 20011209d1995 km y0rusy50 ca 
101 0 |a rus 
102 |a RU 
105 |a y fg 000zy 
200 0 |a Т. 4, Кн. 1: Сортамент черных металлов  |f под ред. М. С. Блантера 
210 |d 1995 
215 |a 548 с. 
461 1 |0 (RuTPU)RU\TPU\book\47466  |t Международный транслятор современных сталей и сплавов. Россия, США, европейские страны, Япония  |f под ред. В. С. Кершенбаума  |v Т. 4, Кн. 1: Сортамент черных металлов  |d 1992-1995  |s Международная инженерная энциклопедия 
610 1 |a металлы 
610 1 |a сплавы 
610 1 |a классификация 
610 1 |a свойства 
610 1 |a марки 
610 1 |a справочники 
610 1 |a трансляторы 
675 |a 669.018(03)  |v 3 
702 1 |a Блантер  |b М. С.  |4 340 
801 0 |a RU  |b 63413507  |c 20011209  |g PSBO 
801 2 |a RU  |b 63413507  |c 20120609  |g PSBO 
942 |c BK